Nationwide monthly house price review (Record no. 105944)
[ view plain ]
| 000 -LEADER | |
|---|---|
| fixed length control field | 01158cam a2200217 4500 |
| 001 - CONTROL NUMBER | |
| control field | ##L135201 |
| 008 - FIXED-LENGTH DATA ELEMENTS--GENERAL INFORMATION | |
| fixed length control field | 061004n2006 000 0 eng u |
| 035 ## - SYSTEM CONTROL NUMBER | |
| System control number | (Sirsi) u135201 |
| 041 0# - LANGUAGE CODE | |
| Language code of text/sound track or separate title | eng |
| 050 04 - LIBRARY OF CONGRESS CALL NUMBER | |
| Classification number | 333.33 $2 18 |
| 110 2# - MAIN ENTRY--CORPORATE NAME | |
| Corporate name or jurisdiction name as entry element | Nationwide Building Society |
| 9 (RLIN) | 1019 |
| 245 00 - TITLE STATEMENT | |
| Title | Nationwide monthly house price review |
| Remainder of title | May 2006 |
| 260 ## - PUBLICATION, DISTRIBUTION, ETC. | |
| Place of publication, distribution, etc. | London |
| Name of publisher, distributor, etc. | Nationwide |
| Date of publication, distribution, etc. | 2006 |
| 490 #0 - SERIES STATEMENT | |
| Series statement | Nationwide Monthly House Price Review |
| Volume/sequential designation | May 2006 |
| 520 ## - SUMMARY, ETC. | |
| Summary, etc. | House prices grew sluggishly by 0.2% in May. The annual rate of house price inflation has slowed slightly to 4.7% in May. The price of a typical UK house now stands at £164 632, almost £7 500 more than at this time last year. Accelerating house price growth should not be taken for granted as there are signs that the market is cooling. Higher money market interest rates are already affecting mortgage costs. |
| 650 24 - SUBJECT ADDED ENTRY--TOPICAL TERM | |
| Topical term or geographic name entry element | NATIONWIDE MONTHLY HOUSE PRICE REVIEW |
| 651 #4 - SUBJECT ADDED ENTRY--GEOGRAPHIC NAME | |
| Geographic name | United Kingdom |
| Chronological subdivision | |
| 690 ## - LOCAL SUBJECT ADDED ENTRY--TOPICAL TERM (OCLC, RLIN) | |
| Topical term or geographic name as entry element | PROPERTY-RESIDENTIAL PROPERTY-RESIDENTIAL PROPERTY MARKET |
| 856 40 - ELECTRONIC LOCATION AND ACCESS | |
| Uniform Resource Identifier | <a href="https://nationwide.co.uk/hpi/review.html">https://nationwide.co.uk/hpi/review.html</a> |
| Public note | View the review free of charge at http://nationwide.co.uk... |
| 942 ## - ADDED ENTRY ELEMENTS (KOHA) | |
| Suppress in OPAC | 0 |
| Withdrawn status | Lost status | Source of classification or shelving scheme | Damaged status | Not for loan | Home library | Current library | Shelving location | Date acquired | Total Checkouts | Full call number | Barcode | Date last seen | Copy number | Price effective from | Koha item type |
|---|---|---|---|---|---|---|---|---|---|---|---|---|---|---|---|
| Dewey Decimal Classification | Virtual | Virtual | Online | 04/10/2006 | ONLINE PUBLICATION | 135201-2001 | 06/08/2019 | 1 | 06/08/2019 | Book |